Le commentaire composé (notice n° 1567198)
[ vue normale ]
| 000 -LEADER | |
|---|---|
| fixed length control field | 01275cam a2200133 4500500 |
| 005 - DATE AND TIME OF LATEST TRANSACTION | |
| control field | 20251214002607.0 |
| 041 ## - LANGUAGE CODE | |
| Language code of text/sound track or separate title | fre |
| 042 ## - AUTHENTICATION CODE | |
| Authentication code | dc |
| 100 10 - MAIN ENTRY--PERSONAL NAME | |
| Personal name | Fourcaut, Laurent |
| Relator term | author |
| 245 00 - TITLE STATEMENT | |
| Title | Le commentaire composé |
| 260 ## - PUBLICATION, DISTRIBUTION, ETC. | |
| Name of publisher, distributor, etc. | Armand Colin,<br/> |
| Date of publication, distribution, etc. | 2010.<br/> |
| 520 ## - SUMMARY, ETC. | |
| Summary, etc. | La rédaction d’un commentaire suppose une démarche particulière guidée par la volonté d’expliquer comment l’auteur traite un sujet de manière originale. En cela, il présente une double difficulté : il faut étudier un texte littéraire en évitant la paraphrase et après avoir mené à bien cette première approche analytique, regrouper les idées pour bâtir un plan cohérent et progressif. Dans notre ouvrage, vous trouverez une méthode qui permet d’élaborer ce travail : nous définissons d’abord la bonne manière de dégager les idées directrices du texte, puis nous précisons la manière de construire un plan, une introduction et une conclusion. Enfin, nous abordons les différents genres littéraires : poésie, prose, texte dramatique en donnant pour chacun des éléments de cours puis des entraînements au commentaire composé et des corrigés. |
| 856 41 - ELECTRONIC LOCATION AND ACCESS | |
| Uniform Resource Identifier | <a href="https://shs.cairn.info/le-commentaire-compose--9782200248765?lang=fr&redirect-ssocas=7080">https://shs.cairn.info/le-commentaire-compose--9782200248765?lang=fr&redirect-ssocas=7080</a> |
Pas d'exemplaire disponible.




Réseaux sociaux